[Event "Williamson"]
[Site "505"]
[Date "2022.02.06"]
[Round "5"]
[White "James McDonnell"]
[Black "Dean Gorman"]
[Result "1-0"]
[WhiteElo "1759"]
[BlackElo "1800"]
[EventDate "2022.02.06"]

1.e4 c5 2.Nf3 e6 3.d4 d5 4.exd5 exd5 5.Bb5+ Nc6 6.O-O a6 7.Re1+ Be6 8.
Bxc6+ bxc6 9.Ng5 Qd7 10.Nxe6 fxe6 11.Qh5+ g6 12.Qg4 O-O-O 13.Rxe6 Kb7 14.
Qe2 cxd4 15.Bg5 Rc8 16.Nd2 h6 17.Bf4 g5 18.Bg3 Rh7 19.Nb3 c5 20.Qxa6# 1-0

[Event "Williamson"]
[Site "506"]
[Date "2022.02.06"]
[Round "5"]
[White "James O'Fee"]
[Black "Chris Kelly"]
[Result "1/2-1/2"]
[WhiteElo "1615"]
[BlackElo "1736"]
[EventDate "2022.02.06"]

1.d4 d5 2.c4 e6 3.Nc3 Nf6 4.Bg5 Be7 5.cxd5 exd5 6.e3 c6 7.Bd3 Nbd7 8.Qc2 
Nf8 9.Nf3 Ne6 10.Bh4 g6 11.O-O O-O 12.Ne5 Nd7 13.Bxe7 Qxe7 14.f4 f6 15.Ng4
Ng7 16.Nh6+ Kh8 17.Rae1 f5 18.g4 fxg4 19.Nxg4 Nf6 20.Ne5 Bf5 21.Kh1 Bxd3 
22.Qxd3 Nf5 23.Rg1 Qe8 24.Rg5 Nd6 25.Rxg6 hxg6 26.Nxg6+ Kg7 27.Rg1 Nde4 
28.Ne5+ Kh6 29.Qf1 Qh5 30.f5 Rg8 31.Ng6 Rae8 32.Qf4+ Kh7 33.Qc7+ Kh6 34.
Qf4+ Kh7 35.Qc7+ 1/2-1/2

[Event "Williamson"]
[Site "508"]
[Date "2022.02.06"]
[Round "5"]
[White "Matthew Smyth"]
[Black "Andrew Todd"]
[Result "1-0"]
[WhiteElo "1400"]
[BlackElo "1459"]
[EventDate "2022.02.06"]

1.c4 d6 2.d4 e5 3.d5 Nf6 4.Nc3 Be7 5.e4 O-O 6.Nf3 Bg4 7.Be2 Nbd7 8.Be3 Re8
9.O-O c6 10.Rc1 Bf8 11.Nd2 Bxe2 12.Qxe2 a6 13.f4 Rc8 14.Qf3 cxd5 15.cxd5 
exf4 16.Bxf4 Ne5 17.Bxe5 dxe5 18.Kh1 b5 19.a3 Qa5 20.g4 Re7 21.Nb3 Qb6 22.
d6 Qxd6 23.Nxb5 Qe6 24.Rxc8 Qxc8 25.Nc3 Qxg4 26.Qxg4 Nxg4 27.Nc5 Nf6 28.
Nxa6 Ra7 29.Nb4 Bxb4 30.axb4 Rb7 31.Ra1 g6 32.b5 Nd7 33.Kg2 f5 34.Kf3 Kf7 
35.Ra4 Nc5 36.Rb4 Nxe4 37.Nxe4 fxe4+ 38.Kxe4 Ke6 39.b6 g5 40.Rb5 Kf6 41.
Kd5 h5 42.Kc6 Rb8 43.b7 e4 1-0

[Event "Williamson"]
[Site "509"]
[Date "2022.02.06"]
[Round "5"]
[White "Ethan Cole"]
[Black "Tiarnan O'Muilleoir"]
[Result "0-1"]
[WhiteElo "1233"]
[BlackElo "1400"]
[EventDate "2022.02.06"]

1.e4 c5 2.Nf3 d6 3.d4 cxd4 4.Nxd4 Nf6 5.Nc3 Nc6 6.Nxc6 bxc6 7.Bc4 e5 8.Bg5
Be7 9.Qd2 O-O 10.O-O-O Be6 11.Bxf6 Bxc4 12.Bxe7 Qxe7 13.Qxd6 Qg5+ 14.Kb1 
Qxg2 15.Rdg1 Qxf2 16.Qxe5 f6 17.Qg3 Qxg3 18.Rxg3 Rfe8 19.Rhg1 g6 20.b3 Bf7
21.Rf3 Kg7 22.h4 Re5 23.Rgf1 Re6 24.e5 f5 25.Re3 Rae8 26.Rfe1 Kh6 27.a3 
Kh5 28.Ne2 Rxe5 29.Nf4+ Kg4 30.Rxe5 Rxe5 31.Rxe5 Kxf4 32.Re7 Bd5 33.Rxh7 
Kg4 34.Kc1 f4 35.Kd1 f3 36.Ke1 Kg3 37.Rg7 f2+ 0-1

[Event "Williamson"]
[Site "510"]
[Date "2022.02.06"]
[Round "5"]
[White "Chris Armstrong"]
[Black "Liam Ferris"]
[Result "0-1"]
[WhiteElo "1507"]
[BlackElo "1433"]
[EventDate "2022.02.06"]

1.d4 d5 2.c4 c6 3.Nf3 Nf6 4.Nc3 Nbd7 5.cxd5 cxd5 6.Qb3 e6 7.Bf4 Qb6 8.Nb5 
Qa5+ 9.Nd2 Bb4 10.Nc7+ Ke7 11.Nxa8 Ne4 12.Qc2 g5 13.f3 gxf4 14.fxe4 dxe4 
15.Kd1 Bxd2 16.Qxd2 Qxd2+ 17.Kxd2 e3+ 18.Kd1 b6 19.Nc7 Bb7 20.Nb5 a6 21.
Na3 Nf6 22.Rc1 Kd7 23.Nc4 b5 24.Ne5+ Ke8 25.Nxf7 Kxf7 26.Rc7+ Kg6 27.Rxb7 
Ne4 28.Kc2 Rc8+ 29.Kb3 Rc4 30.a3 Nd2+ 31.Ka2 Rc1 32.Rb6 Kf5 33.Rxa6 Nxf1 
34.Ra5 Ke4 35.Rxb5 Kxd4 36.Rh5 Re1 37.Rxh7 e5 38.h4 Rxe2 39.Rxf1 Rxg2 40.
Rd7+ Ke4 41.Kb3 e2 42.Re1 Ke3 43.Kc2 e4 44.Rd2 f3 45.a4 Kf2 46.Rh1 Rg1 47.
Rh2+ Kf1 48.h5 e3 49.Rd8 0-1

[Event "Williamson"]
[Site "511"]
[Date "2022.02.06"]
[Round "5"]
[White "Shane Keers"]
[Black "Bobby Thompson"]
[Result "1-0"]
[WhiteElo "1261"]
[BlackElo "1483"]
[EventDate "2022.02.06"]

1.d4 Nf6 2.c4 e6 3.Bf4 c6 4.Nf3 Qb6 5.Qc2 Bb4+ 6.Nc3 d5 7.c5 Qa5 8.Nd2 O-O 
9.Nb3 Bxc3+ 10.bxc3 Qd8 11.e3 Re8 12.Be2 Nbd7 13.h3 e5 14.Bh2 e4 15.c4 Nf8 
16.a4 Be6 17.cxd5 Nxd5 18.O-O Qg5 19.Bg3 Ng6 20.Nd2 f5 21.Ra3 Rad8 22.Qb1 
Re7 23.Kh2 h5 24.Qd1 h4 25.Bd6 Rf7 26.a5 a6 27.Kh1 Re8 28.f4 exf3 29.Nxf3 
Qh6 30.Qd2 Nf6 31.Ne5 Nxe5 32.Bxe5 Ne4 33.Qe1 g5 34.Bf3 Bd5 35.Bxe4 Bxe4 
36.Qe2 Re6 37.Kg1 Rg6 38.Kf2 g4 39.Bf4 Qh7 40.Ke1 gxh3 41.gxh3 Rg2 42.Rf2 
Rxf2 43.Qxf2 Rg7 44.Be5 Rg2 45.Qf1 Qg6 46.Qc4+ Bd5 47.Qd3 Rg1+ 48.Kd2 Qg2+ 
49.Kc3 Rc1+ 50.Kb4 Qb2+ 51.Rb3 Qxb3+ 52.Qxb3 Bxb3 53.Kxb3 Kf7 54.Bf4 Kg6 
55.e4 fxe4 56.Bxc1 Kf5 57.Kc4 Kf6 58.d5 cxd5+ 59.Kxd5 Kf5 60.Kd4 Ke6 61.Kxe4 
Kd7 1-0

[Event "Williamson"]
[Site "512"]
[Date "2022.02.06"]
[Round "5"]
[White "Adrian Dornford Smith"]
[Black "Joe Gunning"]
[Result "0-1"]
[WhiteElo "1248"]
[BlackElo "1219"]
[EventDate "2022.02.06"]

1.e4 e6 2.d4 d5 3.exd5 exd5 4.Nf3 c5 5.Be3 a6 6.Be2 Nc6 7.O-O b6 8.Re1 Nf6
9.Bg5 Be7 10.Bxf6 Bxf6 11.Bb5+ Kd7 12.Ne5+ Bxe5 13.Rxe5 Kc7 14.Bxc6 Kxc6 
15.c3 f6 16.Re3 Re8 17.Qe1 Bd7 18.Nd2 Qc7 19.b4 c4 20.a4 Kb7 21.a5 b5 22.
Qe2 Rxe3 23.Qxe3 Re8 24.Qf3 Kc6 25.Qg3 Qxg3 26.hxg3 Re2 27.Nf3 Rc2 28.Ra3 
Rc1+ 29.Kh2 Rf1 30.Ra2 Rc1 31.Ra3 g5 32.Ng1 Rc2 33.f3 h5 34.Nh3 Bxh3 35.
Kxh3 Rc1 36.Kh2 Kd6 37.g4 h4 38.g3 Rc2+ 39.Kh3 Rf2 40.f4 Rf3 41.fxg5 fxg5 
42.Kh2 Rxg3 43.Kh1 Rxg4 44.Ra2 Rg3 45.Rc2 g4 46.Kh2 Rf3 47.Kg2 Rg3+ 48.Kh2
Ke6 49.Re2+ Kf5 50.Re5+ Kf4 51.Rxd5 Rxc3 52.Rd6 Rc2+ 53.Kg1 Kg3 54.Kf1 h3 
0-1

[Event "Williamson"]
[Site "513"]
[Date "2022.02.06"]
[Round "5"]
[White "Cathal Murphy"]
[Black "Kyle Milligan"]
[Result "1-0"]
[WhiteElo "1551"]
[BlackElo "1347"]
[EventDate "2022.02.06"]

1.e4 c5 2.Nc3 e6 3.f4 Nc6 4.Nf3 Nge7 5.Bc4 Ng6 6.d3 a6 7.a3 b5 8.Ba2 Qc7 
9.O-O Be7 10.f5 Nf4 11.Qe1 Nh5 12.fxe6 dxe6 13.Bg5 Bd6 14.Qh4 Nf6 15.Bxf6 
gxf6 16.Qxf6 Rg8 17.Rae1 Bb7 18.Bxe6 Rg6 19.Qh8+ Bf8 20.Bxf7+ Qxf7 21.Nd5 
Qg7 22.Qxg7 Rxg7 23.Nf6+ Kd8 24.e5 Be7 25.Nd5 Bf8 26.e6 Be7 27.c4 bxc4 28.
dxc4 Na5 29.Nb6 Kc7 30.Nxa8+ Bxa8 31.Rd1 Bc6 32.g3 Nxc4 33.Rf2 Nxb2 34.
Rxb2 Bxf3 35.Rd7+ Kc8 36.Rbb7 Bf6 37.Rxg7 Bxg7 38.Rxg7 Kd8 1-0

[Event "Williamson"]
[Site "514"]
[Date "2022.02.06"]
[Round "5"]
[White "Peter Smyth"]
[Black "Amole Mohan Thoke"]
[Result "1/2-1/2"]
[WhiteElo "1200"]
[BlackElo "1143"]
[EventDate "2022.02.06"]

1.e4 e6 2.d4 d5 3.exd5 exd5 4.Nf3 Nf6 5.Bg5 Be7 6.Be2 O-O 7.O-O Re8 8.Nbd2
c5 9.dxc5 Bxc5 10.Nb3 Be7 11.Re1 Nc6 12.Bb5 Bg4 13.c3 a6 14.Bd3 Qd6 15.
Nbd2 h6 16.Bxf6 Qxf6 17.Qb3 Qd6 18.c4 Na5 19.Qc3 Bxf3 20.Qxa5 dxc4 21.Bxc4
Bc6 22.Nf3 Qg6 23.Bd3 b6 24.Qd2 Rad8 25.Ne5 Rxd3 26.Nxg6 Rxd2 27.Nxe7+ Kh7
28.Nxc6 Rc8 29.Ne5 f6 30.Nf3 Rxb2 31.Reb1 Rbc2 32.h3 b5 33.Nd4 Rd2 34.Rd1 
Rb2 35.Nb3 Rcc2 36.Kf1 g5 37.Nd4 Rd2 38.Nf3 Rdc2 39.Ne1 Rd2 40.Nf3 1/2-1/2

[Event "Williamson"]
[Site "515"]
[Date "2022.02.06"]
[Round "5"]
[White "David Seaby"]
[Black "Lorcan Rippon"]
[Result "1-0"]
[WhiteElo "1093"]
[BlackElo "1100"]
[EventDate "2022.02.06"]

1.d4 e5 2.e3 f6 3.Nc3 Bb4 4.Bd2 Nc6 5.a3 Bd6 6.g3 b6 7.Bg2 Bb7 8.Bc1 exd4 
9.exd4 Qe7+ 10.Be3 O-O-O 11.Kf1 Re8 12.Qd2 Ba6+ 13.Nge2 Bb7 14.Re1 Nh6 15.
Bf3 Nf5 16.Nf4 Nxe3+ 17.Rxe3 Qf7 18.Kg2 Bxf4 19.gxf4 Qg6+ 20.Kf1 Rxe3 21.
fxe3 Qh6 22.b3 Ne7 23.Bxb7+ Kxb7 24.Qg2+ Kc8 25.Qa8# 1-0